Oracle 8 : Networking IOI

Bibliographic Details
Main Author: Theriault, Marlene L.
Format: Book
Published: Berkeley : McGraw-Hill , 2000
Subjects:

MARC

LEADER 00000cam a2200000 7i4500
001 0000010647
005 20050425.0
020 |a 0072125179 
040 |a INS 
090 0 0 |a QA76.9.D3   |b M67 2000 
100 1 |a Theriault, Marlene L. 
245 1 0 |a Oracle 8 :   |b Networking IOI   |c Marlene L. Theriault 
260 |a Berkeley :   |b McGraw-Hill ,   |c 2000 
300 |a xx,553p ;   |c 23cm. 
650 0 0 |a Databases management 
650 0 0 |a Relational Databeses 
999 |a 0000009909   |b BOOK   |c Open Shelf   |e Default branch